Land without justice : (Record no. 187070)
[ view plain ]
| 000 -LEADER | |
|---|---|
| fixed length control field | 00696 a2200205 4500 |
| 003 - CONTROL NUMBER IDENTIFIER | |
| control field | Nust |
| 005 - DATE AND TIME OF LATEST TRANSACTION | |
| control field | 20230127144023.0 |
| 010 ## - LIBRARY OF CONGRESS CONTROL NUMBER | |
| LC control number | 58008574 |
| 040 ## - CATALOGING SOURCE | |
| Transcribing agency | Nust |
| 082 ## - DEWEY DECIMAL CLASSIFICATION NUMBER | |
| Classification number | 920,DJI |
| 100 ## - MAIN ENTRY--PERSONAL NAME | |
| Personal name | Djilas, Milovan, |
| 9 (RLIN) | 107939 |
| 245 ## - TITLE STATEMENT | |
| Title | Land without justice : |
| Remainder of title | an autobiography of his youth / |
| Statement of responsibility, etc. | Milovan Djilas, |
| Medium | Introd. and notes by William Jovanovich |
| 250 ## - EDITION STATEMENT | |
| Edition statement | 1st ed |
| 260 ## - PUBLICATION, DISTRIBUTION, ETC. | |
| Place of publication, distribution, etc. | Harcourt, Brace |
| Name of publisher, distributor, etc. | New York, |
| Date of publication, distribution, etc. | 1958 |
| 300 ## - PHYSICAL DESCRIPTION | |
| Extent | 314 p |
| Other physical details | 21 cm |
| 505 ## - FORMATTED CONTENTS NOTE | |
| Formatted contents note | Part One: Blood and Cannon (Page-19), Part Two: The Men and The Times (Page-115), Part Three Tribulation and Education (Page-119). |
| 600 ## - SUBJECT ADDED ENTRY--PERSONAL NAME | |
| Personal name | Djilas, Milovan, |
| 9 (RLIN) | 107939 |
| 650 ## - SUBJECT ADDED ENTRY--TOPICAL TERM | |
| Topical term or geographic name entry element | Autobiography |
| 9 (RLIN) | 107439 |
| 942 ## - ADDED ENTRY ELEMENTS (KOHA) | |
| Source of classification or shelving scheme | |
| Koha item type | Book |
| Withdrawn status | Lost status | Source of classification or shelving scheme | Damaged status | Not for loan | Permanent Location | Current Location | Shelving location | Date acquired | Full call number | Barcode | Date last seen | Price effective from | Koha item type | Public note |
|---|---|---|---|---|---|---|---|---|---|---|---|---|---|---|
| Military College of Signals (MCS) | Military College of Signals (MCS) | General Stacks | 12/12/2016 | 920,DJI | MCS29260 | 12/08/2016 | 12/12/2016 | Book | Almirah No.59, Shelf No.2 |
